| 000 | 00947nam a22002297a 4500 | ||
|---|---|---|---|
| 003 | OSt | ||
| 005 | 20151026133603.0 | ||
| 008 | 130718s2012 sp ||||| |||| 00| 0 spa d | ||
| 040 | _cCDMR | ||
| 100 | 1 |
_93971 _aMeléndez Malavé, Natalia |
|
| 245 | 1 | 3 |
_aEl humor gráfico en el diario "El País" durante la transición política española (1976-1978) _cNatalia Meléndez Malavé ; Juan Antonio García Galindo (director) _h[recurs electrònic] |
| 260 |
_c2012 _a[Málaga] |
||
| 502 |
_aTesi defensada el 14 de desembre de 2012, _cUniversidad de Málaga |
||
| 650 | 0 | 4 |
_93084 _aHumorisme gràfic |
| 650 | 0 | 4 |
_93703 _aEspanya _xHistòria _y1975-1982, Transició |
| 610 | 2 |
_93256 _aDiario El País, S.L. |
|
| 650 | 0 | 4 |
_92994 _aTesis i dissertacions acadèmiques |
| 700 | 1 |
_93213 _aGarcía Galindo, Juan Antonio |
|
| 710 | 2 |
_93930 _aUniversidad de Málaga |
|
| 856 | 4 | 0 |
_uhttp://hdl.handle.net/10630/5170 _yDisponible en línua (RIUMA) |
| 942 |
_2udc _cTSN-E |
||
| 999 |
_c6605 _d6605 |
||